Концептуальное ядро университетского дискурса; Известия Томского политехнического университета [Известия ТПУ]; Т. 317, № 6 : Экономика. Философия, социология и культурология
| Parent link: | Известия Томского политехнического университета [Известия ТПУ]/ Томский политехнический университет (ТПУ).— , 2000- Т. 317, № 6 : Экономика. Философия, социология и культурология.— 2010.— [С. 199-203] |
|---|---|
| Autor principal: | |
| Altres autors: | , |
| Sumari: | Заглавие с титульного листа Электронная версия печатной публикации Университетский дискурс исследуется в рамках лингвокультурологического подхода. Предположено, что его основу составляет три концептуальных поля ("знание" - "образ" - "компетенция"). Уточняется природа и спектр коммуникативных стратегий современного университета. Осуществляется лингвостатический и дискурс-анализ речевого жанра "миссия" на примере "Миссии Национального исследовательского Томского политехнического университета" |
| Idioma: | rus |
| Publicat: |
2010
|
| Col·lecció: | Философия, социология и культурология |
| Matèries: | |
| Accés en línia: | http://www.lib.tpu.ru/fulltext/v/Bulletin_TPU/2010/v317/i6/43.pdf |
| Format: | MixedMaterials Electrònic Capítol de llibre |
| KOHA link: | https://koha.lib.tpu.ru/cgi-bin/koha/opac-detail.pl?biblionumber=194128 |
MARC
| LEADER | 00000nla2a2200000 4500 | ||
|---|---|---|---|
| 001 | 194128 | ||
| 005 | 20240207142022.0 | ||
| 035 | |a (RuTPU)RU\TPU\book\211727 | ||
| 035 | |a RU\TPU\book\211726 | ||
| 090 | |a 194128 | ||
| 100 | |a 20110405d2010 k y0rusy50 ca | ||
| 101 | 0 | |a rus | |
| 102 | |a RU | ||
| 135 | |a drnn ---uucaa | ||
| 181 | 0 | |a i | |
| 182 | 0 | |a b | |
| 200 | 1 | |a Концептуальное ядро университетского дискурса |f В. В. Максимов, Е. В. Найдён, А. Н. Серебренникова | |
| 203 | |a Текст |c электронный | ||
| 215 | |a 1 файл (69 Кб) | ||
| 225 | 1 | |a Философия, социология и культурология | |
| 300 | |a Заглавие с титульного листа | ||
| 300 | |a Электронная версия печатной публикации | ||
| 320 | |a [Библиогр.: с. 203 (18 назв.)] | ||
| 330 | |a Университетский дискурс исследуется в рамках лингвокультурологического подхода. Предположено, что его основу составляет три концептуальных поля ("знание" - "образ" - "компетенция"). Уточняется природа и спектр коммуникативных стратегий современного университета. Осуществляется лингвостатический и дискурс-анализ речевого жанра "миссия" на примере "Миссии Национального исследовательского Томского политехнического университета" | ||
| 337 | |a Adobe Reader | ||
| 461 | 1 | |0 (RuTPU)RU\TPU\book\176237 |t Известия Томского политехнического университета [Известия ТПУ] |f Томский политехнический университет (ТПУ) |d 2000- | |
| 463 | 1 | |0 (RuTPU)RU\TPU\book\211506 |x 1684-8519 |t Т. 317, № 6 : Экономика. Философия, социология и культурология |v [С. 199-203] |d 2010 |p 248 с. | |
| 610 | 1 | |a коммуникация | |
| 610 | 1 | |a университетский дискурс | |
| 610 | 1 | |a тексты | |
| 610 | 1 | |a жанры | |
| 610 | 1 | |a миссия | |
| 610 | 1 | |a концепты | |
| 610 | 1 | |a семантика | |
| 610 | 1 | |a знание | |
| 610 | 1 | |a компетенция | |
| 610 | 1 | |a образы | |
| 610 | 1 | |a труды учёных ТПУ | |
| 610 | 1 | |a электронный ресурс | |
| 700 | 1 | |a Максимов |b В. В. |c лингвист |c доцент Томского политехнического университета, кандидат филологических наук |f 1960- |g Владимир Владимирович |3 (RuTPU)RU\TPU\pers\24626 | |
| 701 | 1 | |a Найдён |b Е. В. |c лингвист |c доцент Томского политехнического университета, кандидат филологических наук |f 1974- |g Евгения Владимировна |3 (RuTPU)RU\TPU\pers\27137 |9 12677 | |
| 701 | 1 | |a Серебренникова |b А. Н. |c филолог |c доцент Томского политехнического университета, кандидат филологических наук |f 1975- |g Анна Николаевна |3 (RuTPU)RU\TPU\pers\24607 |9 10897 | |
| 801 | 1 | |a RU |b 63413507 |c 20090623 |g PSBO | |
| 801 | 2 | |a RU |b 63413507 |c 20211224 |g PSBO | |
| 856 | 4 | |u http://www.lib.tpu.ru/fulltext/v/Bulletin_TPU/2010/v317/i6/43.pdf | |
| 942 | |c CF | ||